000 00945naa a2200265 u 4500
001 06468
003 HDC
007 cr bn|---aauu|
008 210124e2008 xx | a z000 s eng d
040 _aHDC
100 _aDATUK SERI ABDULLAH BIN HAJI AHMAD BADAWI
_96767
245 0 _aSELF RELIANCE IN VACCINE PRODUCTION IN THE ISLAMIC WORLD /
_cby DATUK SERI ABDULLAH BIN HAJI AHMAD BADAWI
260 _aKUALA LUMPUR:
_b[publisher not identified],
_c2005
300 _a5 pages
336 _atext
_2rdacontent
337 _acomputer
_2rdamedia
338 _aonline resource
_2rdacarrier
650 _aBusiness industry
_96119
650 _aHalal Industry
_9144
650 _aTourism sector
_96778
650 _aVaccine production
_96924
856 _zRequest full-text at [email protected]
942 _2lcc
942 _cSPE
999 _c3792
_d3792